000
00285pam a2200133 a 4500
020
_c
041
_h
082
_a
778
_b
HOL
245
_a
Atlanta
_b
Atlanta
_h
Textual Documents
250
_a
1986.
260
_a
[s.l]:
_b
Cities in colour Inc.
300
_a
64:
_b
paper.
930
_a
2458
999
_c
236248
_d
236248